La enseñanza de la ciencia en la escuela secundaria /
Guardado en:
| Autor Principal: | |
|---|---|
| Formato: | Libro |
| Publicado: |
Buenos Aires :
Paidos,
1969
|
| Materias: | |
| Etiquetas: |
Agregar Etiqueta
Sin Etiquetas, Sea el primero en etiquetar este registro!
|
| LEADER | 00901nam a22001935a 4500 | ||
|---|---|---|---|
| 001 | CEM.cems006096 | ||
| 005 | 20060214000000.0 | ||
| 008 | 130507s1969##################000#0#####d | ||
| 003 | CEMS | ||
| 082 | 0 | 4 | |a 507 |
| 100 | 1 | |a Sund, R B | |
| 245 | 1 | 0 | |a La enseñanza de la ciencia en la escuela secundaria / |
| 260 | |a Buenos Aires : |b Paidos, |c 1969 | ||
| 300 | |a 373 p. | ||
| 505 | 0 | |a Historia universal y de los descubrimientos; La epoca de la electricidad; El descubrimiento del atomo; Estrellas y atomos; Las nebulosas en espiral; La limitación del Universo; Historia del cosmos; La historia de la vida organica; Atomos y organismos; Creación y desarrollo; El papel de la vida organica en el cosmos | |
| 653 | |a Didactica de las ciencias | ||
| 653 | |a Didactica de las ciencias | ||
| 859 | |a CEMS |b BIB. CEMS - 11 de abril |h 507 |i Su71 |p 3788.75 |t Ej.2 | ||
| 859 | |a CEMS |b BIB. CEMS - 11 de abril |h 507 |i Su71 |p 3790.75 |t Ej.1 | ||
